Boss Soulsborne et Elden Ring - Statistiques

Statistiques générales
  • Ce quiz a été pris 346 fois
    166 depuis la dernière actualisation
  • Le résultat moyen est 94 sur 356
Statistiques - réponses
Jeux Zone Réponse % Correct
Dark souls 1 Paroisse des Morts-Vivants Gargouilles de la Cloche
68%
Dark souls 2 Beffroi de la Lune Gargouilles du Beffroi
68%
Dark souls 3 Pic du Dragon Ancien Roi Sans Nom
59%
Dark souls 1 Anor Londo Ornstein le Tueur de Dragons et Smough le Bourreau
58%
Dark souls 3 Haut Mur de Lothric Danseuse de la Vallée Boréale
56%
Dark souls 1 Village bas des Morts-Vivants Démon Capra
56%
Dark souls 1 Kiln de la Première Flamme Gwen Seigneur des Cendres
56%
Dark souls 3 Kiln de la Première Flamme Âme des Cendres
55%
Dark souls 3 La Cité Enclavée Gael le Chevalier-Esclave
55%
Dark souls 3 Sépultures Oubliées Gundyr le Champion
55%
Dark souls 3 Cimetière des Cendres Ludex Gundyr
55%
Elden ring Caelid - Château du Lion Rouge Radahn le Fléau des Astres
55%
Dark souls 3 Château de Lothric Lorian le Prince AinéLothric le Prince Cadet
54%
Elden ring Elphael, Corset de l'Arbre Sacré Malenia Déesse de la Putréfaction
54%
Dark souls 3 Haut Mur de Lothric Vordt de la Vallée Boréale
54%
Dark souls 1 Forêt Royal Chevalier Artorias
52%
Dark souls 3 La Cité Enclavée Midir Fléau des Ténèbres
52%
Dark souls 3 Bastion de Farron Veilleurs des Abysses
52%
Dark souls 1 Village des Morts-Vivants Démon Taureau
51%
Dark souls 3 Irythill de la Vallée Boréale Grand-Maître Sulyvahn
51%
Elden ring Nécrolimbe - Château de Voilorage Margit le Déchu
51%
Elden ring Leyndell Capitale Royale Morgott Roi des Réprouvés
51%
Elden ring Liurnia Contrée Lacustre - Académie de Raya Lucaria Rennala Reine de la Pleine Lune
51%
Dark souls 3 Route des Sacrifices Sage de Cristal
51%
Dark souls 1 Jardin de Noiresouche Sif le Grand Loup Gris
51%
Dark souls 3 Monde peint d'Ariandel Soeur Friede/ Père Ariendel
51%
Dark souls 3 Anor Londo Aldrich Dévoreur des Dieux
49%
Dark souls 3 Cathédrale des Profondeurs Diacres des Profondeurs
49%
Elden ring Nécrolimbe - Château de Voilorage Godrick le Greffé
49%
Dark souls 1 Anor Londo Gwendolin le Soleil Noir
49%
Dark souls 1 Cavernes de Cristal Seath l'Écorché
49%
Elden ring Leyndell Capitale Royale - Cathédrale des Parias Mohg le Réprouvé
48%
Elden ring Palais de Mohgwyn Mohg le Seigneur du Sang
48%
Dark souls 3 Capitale Profanée Yhorm le Géant
48%
Elden ring Leyndell Capitale Royale Godfrey Premier Seigneur d'Elden
46%
Dark souls 1 Gouffre des Abysses Manus Père des Abysses
46%
Elden ring Leyndell Capitale des Cendres Bête d'Elden
45%
Dark souls 3 Catacombes de Carthus Chef Suprême Wolnir
45%
Dark souls 3 Jardin du Roi Illuminé Oceiros le Roi Illuminé
45%
Elden ring Farum Azula Maliketh la Lame d'Ébène
44%
Elden ring Altus Occulte - Château Noir Messmer Serpent Maléfique
44%
Elden ring Leyndell Capitale des Cendres Radagon de l'Odre d'Or
44%
Bloodborne Byrgenwerth Rom l'Araignée Stupide
44%
Dark souls 3 Pic du Dragon Ancien Vouivre Ancienne
44%
Dark souls 1 Les Profondeurs Dragon Béant
42%
Dark souls 1 Izalith Foyer du Chaos
42%
Elden ring Farum Azula Placidusax Seigneur Draconique
42%
Elden ring Farum Azula Duo Sanctechair
41%
Elden ring Cimes des Géants - Forge des Geants Géant de Feu
41%
Dark souls 1 Monde peint d'Ariamis Priscilla la Métissé
41%
Dark souls 1 Nouvelle Londo/ Abysses Quatre Rois
41%
Dark souls 3 Lac Incandescent Vieux Roi Démoniaque
41%
Elden ring Plateau Altus - Dominula, Village aux Moulins | Terres Draconique de Greyoll - Tour Divine de Caelid Apôtre Sanctechair
39%
Elden ring Pic Déchiqueté Bayle l'Effroyable
39%
Elden ring Caelid - Château du Lion Rouge Chimère Leonine et Chevalier du Creuset
39%
Dark souls 1 Ruines Démoniaques Démon Mille-Pattes
39%
Bloodborne Laboratoire Lady Maria de la Tour Astral
39%
Elden ring Arbre-Sacré de Miquella Loretta Chevaleresse de l'Abre-Sacré
39%
Elden ring Liurnia Contrée Lacustre - Manoir de Caria Loretta Chevaleresse Royale
39%
Elden ring Mont Gélmir - Manoir du Volcan Noble Sanctechair
39%
Elden ring Mont Gélmir - Manoir du Volcan Rykard Seigneur du Blasphème
39%
Dark souls 1 Refuge nord des Morts-Vivants Démon du Refuge
38%
Elden ring Faubourgs de la Capitale - Boss errant | Panorama Occulte - Boss errant Duo de Sentinelles de l'Arbre
38%
Elden ring Profondeurs de Fonderacine Fortissax la Liche Draconique
38%
Bloodborne Centre de Yharnam Père Gascoigne
38%
Elden ring Plaine Sépulcrale - Château d'Ensis Rellana Chevaleresse des Lunes Jumelles
38%
Dark souls 1 Tombeau des Géants Seigneur des Tombes Nito
38%
Dark souls 2 Lisière Gelée Zallen et Lud Créatures du Roi
38%
Elden ring Nécrolimbe - Geôle Éternelle de Valorage Chevalier du Creuset
37%
Elden ring Péninsule larmoyante - Château de Vent-Hurlant Chimère Léonine
37%
Dark souls 1 Forteresse de Sen Golem de Fer
37%
Bloodborne Village des Pêcheurs Orphelin de Kos
37%
Dark souls 3 Capharnaüm des Confins Princes Démoniaques
37%
Elden ring Nécrolimbe - Boss errant Sentinelle de l'Arbre
37%
Dark souls 3 Camp de Morts-Vivants Arbre Géant Maudit
35%
Elden ring Cimes des Géants - Boss errant | Liurnia Contrée Lacustre - Boss errant | Péninsule larmoyante - Boss errant Avatar de l'Arbre-Monde
35%
Elden ring Caelid - Boss errant | Champs Enneigés Consacré - Boss errant | Terres Draconique de Greyoll - Boss errant Avatar Putride
35%
Dark souls 1 Forêt Royal Kalameet le Dragon Noir
35%
Dark souls 1 Hameau du Crépuscule Queelag la Sorcière du Chaos
35%
Elden ring Nécrolimbe - Chapelle de l'Anticipation Rejeton Greffé
35%
Elden ring Faubourgs de la Capitale - Boss errant Sentinelle Draconique de l'Arbre
35%
Elden ring Champs Enneigés Consacré - Galerie d'Anis Jaune Astel la Constellation des Tenèbres
34%
Elden ring Lac Putréfié - Grand Cloître Astel le Rejeton du Vide
34%
Elden ring Liurnia Contrée Lacustre - Académie de Raya Lucaria Loup Cramoisi de Radagon
34%
Elden ring Mont Gélmir - Tombe des Héros de Gelmir Loup Rouge du Champion
34%
Bloodborne Cauchemar du Chasseur Ludwig le Maudit/ l'Épée Sacrée
34%
Elden Ring Nécrolimbe - Cimetière Abandonné Soldat de Godrick
34%
Elden ring Nécrolimbe - Boss errant Agheel le Dragon Volant
32%
Dark souls 1 Refuge nord des Morts-Vivants Démon Errant
32%
Elden ring Emir-Ilim Radahn Consort de Miquella
32%
Dark souls 2 Ancien Chaos Roi d'Ivoire Brulé
32%
Bloodborne Frontière des Cauchemars Amygdala
31%
Elden ring Plateau Altus - Boss errant Lansseax le Dragon Ancien
31%
Elden ring Nokron la Ville Éternelle Larme Imitatrice
31%
Elden ring Champs Enneigés Consacré - Chemin Secret Vers l'Arbre-Sacré Larme Imitatrice Égarée
31%
Elden ring Bois Abyssaux - Presbytère de.... Midra Seigneur de la Flamme Exaltée
31%
Dark souls 2 Trône du Désir Nashandra
31%
Bloodborne Bois Interdit Ombres de Yharnam
31%
Elden ring Leyndell Capitale des Cendres Sire Gidéon Ofnir l'Omniscient
31%
Elden ring Liurnia Contrée Lacustre - Catacombes des Couteaux Noirs | Nécrolimbe - Catacombes Funestes | Plateau Altus - Cavernes du Sage | Plateau Altus - Tombe du Héros Canonisé Assassin des Couteaux Noirs
30%
Elden ring Caelid - Boss errant | Liurnia Contrée Lacustre - Boss errant | Nécrolimbe - Boss errant | +4 others Cavalier Crépusculaire
30%
Bloodborne Yahar'gul le Village Invisible Celui qui Renaquit
30%
Elden ring Panorama Occulte - Boss errant Commandant Gaius
30%
Elden ring Champs Enneigés Consacré - Boss errant Duo de Cavaliers Crépusculaires
30%
Elden ring Siofra - Domaine de Sacrecorne Esprit Ancestral
30%
Elden ring Nokron la Ville Éternelle - Domaine de Sacrecorne Esprit Ancestral Royal
30%
Bloodborne Cauchemar de Mensis Micolash Hôte de Cauchemar
30%
Bloodborne Centre de Yharnam Monstre Clérical
30%
Dark souls 1 Jardin de Noiresouche Papillon de Clair de Lune
30%
Bloodborne Rêve du Chasseur Présence Lunaire
30%
Bloodborne Faubourg de la Cathédrale Vicaire Amélia
30%
Dark souls 1 Les Catacombes Virevent
30%
Dark souls 3 Château de Lothric Armure du Tueur de Dragons
28%
Dark souls 3 La Cité Enclavée Aube la Lance de l'Église
28%
Elden ring Profondeurs de Fonderacine Champions de Fia
28%
Elden ring Cimes des Géants - Solcastel Commandant Niall
28%
Elden ring Caelid - Marais d'Ivoine Commandant O'Neil
28%
Elden ring Caelid - Galerie Cristalline de Sellia | Panorama Occulte - Boss errant | Plateau Altus - Boss errant Créature Stellaire
28%
Elden ring Mont Gélmir - Boss errant Créature Stellaire Adulte
28%
Dark souls 1 Ruines Démoniaques Décharge Incessante
28%
Elden ring Liurnia Contrée Lacustre - Ruines des Falaises Makar le Dragon de Magma
28%
Bloodborne Château Damné de Cainhurst Martyr Logarius
28%
Elden ring Altus Occulte - Ruines des Doigts de Miyr Metyr Mère des Doigts
28%
Bloodborne Cauchemar de Mensis Nourrice de Mergo
28%
Elden ring Nécrolimbe - Cavernes des Eaux Noires Pat l'Affranchi
28%
Elden ring Lac Putréfié | Siofra - Boss errant Soldat Draconide
28%
Elden ring L'Ainsel - Ruines du Palais d'Uhl Soldat Draconide de Nokstella
28%
Elden ring Champs Enneigés Consacré - Boss errant Theodorix le Grand Ver
28%
Elden ring Cimes des Géants - Boss errant Boréalis la Brume Glaciale
27%
Elden ring Plateau Altus - Bastiombre Elemer du Roncier
27%
Bloodborne Rêve du Chasseur Gehrman le Premier Chasseur
27%
Elden ring Plateau Altus - Geôle Éternelle de la Lignée Dorée Godefroy le Greffé
27%
Elden ring Altus Occulte - Château Noir Hippopotame Doré
27%
Bloodborne Cauchemar du Chasseur Laurence le Premier Vicaire
27%
Elden ring Ruines Antiques de Rauh - Église du Bourgeon Romina Sainte du Bourgeon
27%
Elden ring Liurnia Contrée Lacustre - Boss errant Smarag Dragon de Pierre d'Éclat
27%
Elden ring Autel Lunaire - Cathédrale de Manus Celes Adula Dragon de Pierre d'Éclat
25%
Elden ring Altus Occulte - Cathédrale de Manus Metyr Comte Ymir Mère des Doigts
25%
Elden ring Nécrolimbe - Geôle Éternelle du Limier Esseulé Darriwil le Chevalier-Limier
25%
Elden ring Caelid - Boss errant Ekzykes le Putréfié
25%
Elden ring Cimes des Géants - Grotte du Mande-Esprit | Liurnia Contrée Lacustre - Catacombes de l'Impasse Escargot Mande-Esprit
25%
Elden ring Caelid - Catacombes des Défunts Valeureux Esprit d'Arbre Putride
25%
Elden ring Cimes des Géants - Catacombes des Cimes des Géants | Mont Gélmir - Boss errant | Nécrolimbe - Tombe des Héros des Confins Esprit d'Arbre Ulcéreux
25%
Bloodborne Laboratoire Expériences Ratées
25%
Elden ring Terres Draconique de Greyoll - Boss errant Greyll le Dragon Volant
25%
Elden ring Leyndell Capitale des Cendres Hoarah Loux le Guerrier
25%
Elden ring Plaine Sépulcrale - Belurat, Colonie de la Tour | Ruines Antiques de Rauh - Boss errant Lion Dansant de la Bête Divine
25%
Elden ring Profondeurs de Fonderacine Siluria du Creuset
25%
Elden ring Mont Gélmir - Manoir du Volcan Vierges Ravisseuses
25%
Elden ring Terres Draconique de Greyoll - Sanctuaire Bestial | Terres Interdites - Grand Ascenseur de Rold Adepte de la Lame d'Ébène
24%
Elden ring Autel Lunaire - Geôle Éternelle de la Meneuse des Couteaux Noirs Alecto Meneuse des Couteaux Noirs
24%
Demon's souls Avant poste (tutoriel) Avant Garde
24%
Elden ring Panorama Occulte - Base de l'Arbre-Occulte Avatar de l'Arbre-Occulte
24%
Elden ring Faubourgs de la Capitale - Cabane du Marchand Ermite | Liurnia Contrée Lacustre - Église des Voeux | Nécrolimbe - Cabane du Maître de Guerre | Terres Draconique de Greyoll - Cabane du Marchant ascétique Chasseur de Perles Cinéraires
24%
Elden ring Nécrolimbe - Grotte Marine Chefs Semi-Humain
24%
Elden ring Côte Céruléenne - Fissure des Cercueils de Pierre Chevalier Putride
24%
Elden ring Caelid - Galerie de Gael | Mont Gélmir - Fort Laiedd Dragon de Magma
24%
Elden ring Nokron la Ville Éternelle - Aqueduc de Siofra Duo de Gargouilles Vaillantes
24%
Dark souls 1 Sanctuaire d'Oolacile Gardien du Sanctuaire
24%
Elden ring Enir-Ilim Leda Chevaleresse de l'AiguilleDane Mortefeuille Freyja Chevaleresse du Lion rouge Moore Kérastien
24%
Elden ring Liurnia Contrée Lacustre - Boss errant | Nécrolimbe - Village des Eaux Nécromantes | Plateau Altus - Ruines de Wyndham Nocher Diaphane
24%
Elden ring Péninsule larmoyante - Cavernes Insondables Ours Runique
24%
Bloodborne Yahar'gul le Village Invisible/Vieux Yharnam Paarl Sombrebête
24%
Bloodborne Hemwick Charnel Lane Sorcières de Hemwick
24%
Elden ring Liurnia Contrée Lacustre - Village des Albinauriques Tueur de Réprouvés
24%
Elden ring Plateau Altus - Grotte du Parfumeur Tueur de Réprouvés et Miranda
24%
Elden ring Tombeau Secret de Charo - Boss errant Volatile Funèbre
24%
Elden ring Caelid - Boss errant | Champs Enneigés Consacré - Boss errant | Cimes des Géants - Boss errant | Liurnia Contrée Lacustre - Boss errant Volatile Funéraire
24%
Elden ring Liurnia Contrée Lacustre - Grotte Cristalline du Lac Chevalier-Limier
23%
Elden ring Liurnia Contrée Lacustre - Galerie Cristalline de Raya Lucaria Cristalien
23%
Dark souls 1 Ruines Démoniaques Démon Pyrosage
23%
Dark souls 2 Sanctuaire Draconique Dragon Ancien
23%
Elden ring Liurnia Contrée Lacustre - Grotte Cristalline de l'Academie Duo de Cristaliens
23%
Elden ring Plateau Altus - Galerie d'Altus Duo de Cristaliens
23%
Elden ring Terres Draconique de Greyoll - Cavernes du Tertre Draconique Duo d'Hommes-Bêtes de Farum-Azula
23%
Bloodborne Autel du Désespoir Ebrietas Fille du Cosmos
23%
Elden ring Nécrolimbe - Grotte du Bosquet Homme-Bête de Farum Azula
23%
Dark souls 2 Forêt des Géants Défunts Le Poursuivant
23%
Elden ring Faubourgs de la Capitale - Boss errant | Liurnia Contrée Lacustre - Boss errant | Nécrolimbe - Boss errant | Péninsule larmoyante - Boss errant Rapace Funeste
23%
Elden ring Caelid - Antre de Sellia Trio de Cristaliens Putrides
23%
Demon's souls Palais de Bolétaria 1-4 Vieux Roi Allant
23%
Dark souls 2 Passage du Roi Chevalier-Mirroir
21%
Dark souls 2 Forêt des Géants Défunts Dernier des Géants
21%
Dark souls 2 Château de Drangleic Duo de Monte-Dragon
21%
Elden ring Caelid - Catacombes de l'Arbre-Monde Mineur Duo de Veilleurs de l'Arbre-Monde
21%
Elden ring Nécrolimbe - Cavernes de la Chaussée Royale Golem Gardien
21%
Elden ring Leyndell Capitale Royale - Tour Divine d'Altus-Est Jumeaux Abominables
21%
Elden ring Tombeau Secret de Charo - Geôle de Larmoyeur Larmoyeur
21%
Bloodborne Vieux Yharnam Monstre Affamé
21%
Elden ring Faubourgs de la Capitale - Tombe des Héros d'Auriza Ordovis Chevalier du Creuset
21%
Demon's souls Nexus Roi Allant
21%
Elden ring Liurnia Contrée Lacustre - Geôle Éternelle de la Tombe Royale Seigneur d'Albâtre
21%
Elden ring Faubourgs de la Capitale - Galerie Scellé Seigneur d'Onyx
21%
Elden ring Pic Déchiqueté Senessax Dragon Ancien
21%
Elden ring Liurnia Contrée Lacustre - Catacombes au Pied des Falaises | Nécrolimbe - Catacombes Orageuses | Plateau Altus - Catacombes de Wyndham | Péninsule larmoyante - Catacombes de l'Empaleur Veilleur de l'Arbre-Monde
21%
Bloodborne Calice de Pthumeru Ihyll Yharnam Reine Pthumérienne
21%
Elden ring Liurnia Contrée Lacustre - Grotte aux Eaux Stagnantes Chevalier de la Noble Putréfaction
20%
Dark souls 2 Tour de Brume Chevalier Fumerolle
20%
Elden ring Pic Déchiqueté Dragon du Pic Déchiqueté
20%
Elden ring Champs Enneigés Consacré - Crypte des Champs Enneigés Consacré Duelliste Putride
20%
Elden ring Caelid - Grotte désertée Duo de la Noble Putréfaction
20%
Bloodborne Faubourg de la Cathédrale Supérieur Emissaire céleste
20%
Elden ring Mont Gélmir - Village des Ermites Maggie Reine Semi-Humaine
20%
Elden ring Mont Gélmir - Grotte Volcanique Margot Reine Semi-Humaine
20%
Elden ring Caelid - Catacombes de Caelid | Liurnia Contrée Lacustre - Catacombes des Couteaux Noirs | Péninsule larmoyante - Catacombes du Val-aux- Tombes Ombre du Cimetière
20%
Dark souls 2 Cathédrale Bleue Vieux Tueur de Dragons
20%
Elden ring Cimes des Géants - Geôle Éternelle du Prétendant Vyke Chevalier de la Table Ronde
20%
Dark souls 2 Eleum Loyce la Glaciale Aava Créature du Roi
18%
Elden ring Liurnia Contrée Lacustre - Geôle Éternelle du Coucou Bols Chevalier de Caria
18%
Elden ring Péninsule larmoyante - Galerie de Vent-Hurlant Chimère Écailleuse
18%
Elden ring Caelid - Cavernes aux Geôles Duelliste Frénétique
18%
Elden ring Faubourgs de la Capitale - Tombe Auxiliaire d'Auriza | Nécrolimbe - Catacombes des Eaux Noires Duelliste Gardien du Tombeau
18%
Elden ring Leyndell Capitale Royale - Catacombes de Leyndell Esgar Prêtre du Sang
18%
Elden ring Plateau Altus - Ruines de Lux Gilika Reine Semi-Humaine
18%
Elden ring Péninsule larmoyante - Cavernes du Val-aux-Tombes Miranda la Fleur Galeuse
18%
Dark souls 2 Tours de Flammes de Heide Monte-Dragon
18%
Dark souls 2 Mémoire du Vieux roi de Fer Sire Alonne
18%
Elden ring Nécrolimbe - Galeries de Nécrolimbe | Plateau Altus - Vielle Galerie d'Altus Troll Fouisseur
18%
Elden ring Mont Gélmir - Cavernes aux Eaux Ignées Adeptes de la Putréfaction
17%
Dark souls 2 Trône du Désir Aldia Érudit du Péché Originel
17%
Dark souls 2 Forteresse de Fer Démon Fondeur
17%
Dark souls 2 Passage de Fer Démon Fondeur Bleu
17%
Elden ring Caelid - Ruines de Caelem Duo de Têtes de Citrouilles Démentes
17%
Elden ring Plateau Altus - Boss errant Face de Ver
17%
Elden ring Altus Occulte - Catacombes de la Lumière Noire Jori Inquisiteur en Chef
17%
Demon's souls Sanctuaire des Tempêtes 4-1 Le Juge
17%
Elden ring Plateau Altus - Ruines Grouille-Sang Noble Sanglant
17%
Demon's souls Palais de Bolétaria 1-1 Phalange
17%
Elden ring Altus Occulte - Mausolée Oriental Sans Nom Rakshasa
17%
Elden ring Liurnia Contrée Lacustre - Ruines du Domaine Royal Spectre Royal
17%
Elden ring Nécrolimbe - Relais en Ruines Tête de Citrouille Démente
17%
Dark souls 2 Forteresse de Fer Vieux Roi de Fer
17%
Elden ring Liurnia Contrée Lacustre - Geôle Éternelle du Scélérat Adan Voleur du Feu
15%
Elden ring Plaine Sépulcrale - Mausolée Occidental Sans Nom Chevalier de la Geôle Solitaire
15%
Elden ring Altus Occulte - Catacombes de la Faille Brumeuse | Base de Rauh - Catacombes du Scorpion Chevalier de la Mort
15%
Elden ring Champs Enneigés Consacré - Grotte des Parias Croisée Chimérique
15%
Dark souls 2 Sanctuaire d'Amana Démone du Chant
15%
Elden ring Altus Occulte - Boss errant | Côte Céruléenne - Boss errant | Plaine Sépulcrale - Boss errant Dragon de Flammes Spectrales
15%
Dark souls 2 Carrière de Vivepierre de Tseldora Freja la Protégée du Duc
15%
Elden ring Pic Déchiqueté - Fosse au Dragon Homme Dragon Ancien
15%
Elden ring Altus Occulte - Geôle de Bonny Labirith l'Exécrable
15%
Dark souls 2 Éminence du Péché La pécheresse Oubliée
15%
Elden ring Terres Draconique de Greyoll - Geôle Éternelle de Sellia Mage de Bataille Hugues
15%
Elden ring Plaine Sépulcrale - Mausolée Septentrional Sans Nom Ours Écarlate
15%
Elden ring Plateau Altus - Catacombes des Aberrations Parfumeuse Tricia et Chimère Léonine
15%
Dark souls 3 Monde peint d'Ariandel Champion et Grand Loup Garde-Stèle
14%
Elden ring Côte Céruléenne - Mausolée Austral Sans Nom Danseuse de Rannah
14%
Elden ring Plaine Sépulcrale - Geôle de Bélurat Onze Épéiste Semi-Humain
14%
Demon's souls Palais de Bolétaria 1-3 Transperceur
14%
Dark souls 2 Crypte des Morts-Vivants Velstadt l'Égide du Roi
14%
Dark souls 2 Crypte des Morts-Vivants Vendrick
14%
Elden ring Cimes des Géants - Tombe des Pourfendeurs de Géants | Plateau Altus - Tombe du Héros Canonisé | Péninsule larmoyante - Geôle Éternelle des Lamentations Ancien Héro de Zamor
13%
Elden ring Altus Occulte - Ruines de Moorth Dane Mortefeuille
13%
Dark souls 2 Forteresse d'Aldia Dragon Gardien
13%
Elden ring Caelid - Sellia, Cité de la Sorcerllerie Duo de Nokriens
13%
Elden ring Altus Occulte - Fort de la Faille Brumeuse Garrew Chevalier Noir
13%
Elden ring Plateau Altus - Cavernes du Sage Garris le Nécromancien
13%
Dark souls 2 Ravin Noir La Charogne
13%
Elden ring Base de Rauh - Boss errant Rugalea Grand Ours Écarlate
13%
Dark souls 2 Souvenir de Jeigh Seigneur Géant
13%
Dark souls 2 Repos du Dragon Sinh le Dragon Endormi
13%
Dark souls 2 Trône du Désir Surveillant et Gardien du Trône
13%
Dark souls 2 Tombe des Saints Avant-Garde du Roi Rat
11%
Demon's souls Palais de Bolétaria 1-2 Chevalier de la Tour
11%
Demon's souls Tunnel de Rochecroc 2-3 Dieu Dragon
11%
Demon's souls Tour de Latria 3-1 Idole des Fous
11%
Dark souls 2 Aiguille de Terre Mytha la Reine Funeste
11%
Elden ring Altus Occulte - Boss errant Ralva Grand Ours Écarlate
11%
Demon's souls Val Fangeux 5-1 Seigneur des Sangsues
11%
Dark souls 2 Bosquet des Chasseurs Seigneurs Squelettiques
11%
Dark souls 2 Quai de la Désolation Sentinelle Ondoyante
11%
Elden ring Plaine Sépulcrale - Grotte de l'Embouchure Chef des Démons Sanglants
10%
Dark souls 2 Vallée des Récoltes Démon Convoiteux
10%
Elden ring Altus Occulte - Fort de la Réprimande Edredd Chevalier Noir
10%
Dark souls 2 Carrière de Vivepierre de Tseldora Mage Rôdeur et la Congrégation
10%
Demon's souls Tunnel de Rochecroc 2-2 Rôdeur Enflammé
10%
Demon's souls Sanctuaire des Tempêtes 4-3 Roi de la Tempête
10%
Dark souls 2 La forteresse Oubliée Sentinelles des Ruines
10%
Demon's souls Tour de Latria 3-2 Anthropophage
8%
Demon's souls Val Fangeux 5-3 Astrée
8%
Dark souls 2 Repos du Dragon Elana Reine Sordide
8%
Elden ring Côte Céruléenne - Boss errant Marigga Reine Semi-Humaine
8%
Demon's souls Tour de Latria 3-3 Moine Sénile
8%
Dark souls 2 Bois de l'Ombre Najka la Scorpide
8%
Dark souls 2 Grotte des Morts Pilleur de Tombes AffaibliAncien Soldat Varg Cerah l'Ancien Explorateur
8%
Dark souls 2 Gouffre Obscur Millénaire Rôdeur Sombre
8%
Bloodborne Calice de Sépulextre Inférieure Suceur de Cerveau
8%
Demon's souls Sanctuaire des Tempêtes 4-2 Vieux Héro
8%
Dark souls 2 Purgatoire des Morts-Vivants Chariot du Bourreau
7%
Bloodborne Calice de Sépulextre Inférieure Personne âgée Pthumérienne
7%
Dark souls 2 Portes de Pharros Recruteur du Roi Rat
7%
Demon's souls Tunnel de Rochecroc 2-1 Araignée Cuirassée
6%
Bloodborne Calice de l'Infortunée Loran Bête Assoiffé de Sang
6%
Bloodborne Calice de Pthumeru Centrale Descendant Pthumérien
6%
Bloodborne Calice de Pthumeru Chien de Garde des Dieux Anciens
4%
Bloodborne Calice de Pthuméru Inférieure Monstre de Saignée
4%
Bloodborne Calice de Sépulextre Sanglier Mangeur d'Hommes
4%
Bloodborne Calice de l'Infortunée Loran Bête Odieux
3%
Bloodborne Calice de Sépulextre Inférieure Dément Oubliée et son Compagnon
3%
Bloodborne Calice de Pthumeru Géant Mort-Vivant
3%
Bloodborne Calice de Pthumeru Centrale Âme Possédée par le Monstre
1%
Demon's souls Val Fangeux 5-2 Colosse Impur
1%
Bloodborne Calice de Pthumeru Centrale Gardien des Dieux Anciens
1%
Bloodborne Calice de l'Infortunée Loran Inférieure Loran Bêtargent
1%
Bloodborne Calice de l'Infortunée Loran Inférieure Sombrebête Loran
1%
Bloodborne Calice de Pthumeru Veilleurs Impitoyables
1%
Aucun quiz correspondant
Distribution des résultats
% des personnes avec chaque résultat
Percentile par nombre de réponses
Votre historique - résultats
Vous n’avez pas pris ce quiz depuis la dernière actualisation